000 00737nam a2200265Ia 4500
003 OSt
005 20220925222757.0
006 a|||||r|||| 00| 0
007 ta
008 220923b |||||||| |||| 00| 0 eng d
020 _a0745622194
037 _cGeneral Book
040 _aRTL
_cRTL
_beng
041 _2eng
_aeng
082 _aRxN29, N8
100 _aHabermas Jurgen
245 0 _aOn the pragmatics of communications. Ed by Maeve C
260 _aLondon
_bPolity Press
_c1998
300 _avii, 454p Bibliography: P 435-46
_ccm.
650 _a Classics
650 _a Jurgen Habermas
_9288293
650 _aPhilosophy
942 _hRxN29, N8
_cGB
_2CC
999 _c577768
_d577768